书目信息 |
| 题名: |
世界历史名人谱:古代卷 (2)
|
|
| 作者: | 施治生 , 郭方 主编 | |
| 分册: | ||
| 出版信息: | 北京 人民出版社 1998.06 |
|
| 页数: | 232页 | |
| 开本: | 32开 | |
| 丛书名: | ||
| 单 册: | ||
| 中图分类: | K812 | |
| 科图分类: | ||
| 主题词: | 传记 | |
| 电子资源: | ||
| ISBN: | 7-01-002797-8 | |
| 000 | 00614nam0 2200205 45 | |
| 001 | 1009070150 | |
| 005 | 20100907010406.1 | |
| 010 | @a7-01-002797-8@d34.00元 | |
| 100 | @a20100907d1998 km y0chiy0120 ea | |
| 101 | 0 | @achi |
| 105 | @a z 000yy | |
| 200 | 1 | @a世界历史名人谱:古代卷 (2)@AShi Jie Li Shi Ming Ren Pu:Gu Dai Juan (2)@f施治生,郭方主编@FShi Zhi Sheng,Guo Fang Zhu Bian |
| 210 | @a北京@c人民出版社@d1998.06 | |
| 215 | @a232页@d32开 | |
| 606 | 0 | @a传记 |
| 690 | @aK812@v3 | |
| 701 | 0 | @a施治生@4主编 |
| 701 | 0 | @a郭方@4主编 |
| 801 | @aCN@bPftUser@c20100907 | |
| 905 | @dK812@eSH801:2@b129025@f1 | |
| 世界历史名人谱:古代卷 (2)/施治生,郭方主编.-北京:人民出版社,1998.06 |
| 232页;32开 |
| ISBN 7-01-002797-8:34.00元 |
| ● |
| 相关链接 |
|
|
|
正题名:世界历史名人谱:古代卷(2)
索取号:K812/SH801:2
 
预约/预借
| 序号 | 登录号 | 条形码 | 馆藏地/架位号 | 状态 | 备注 |
| 1 | 129025 | 201290254 | 社科库309/309社科库 42排5列5层/ [索取号:K812/SH801:2] | 在馆 |